De la naturaleza de las cosas

Bewaard in:
Bibliografische gegevens
Hoofdauteur: Lucrecio (autor)
Formaat: Boek
Taal:Spaans
Gepubliceerd in: Madrid Hernando 1897
Onderwerpen:
Tags: Voeg label toe
Geen labels, Wees de eerste die dit record labelt!

MARC

LEADER 00000nam a2200000 a 4500
001 UCP9331
003 CL-VaPUC
005 20250317182707.0
008 000324e18970000SP |||||||||||||||||spa|d
999 |c 286156  |d 286154 
040 |c Pontificia Universidad Católica de Valparaíso 
082 0 4 |a 871  |b LUC  |2 21 
100 |a Lucrecio  |e autor  |9 503039 
245 1 0 |a De la naturaleza de las cosas 
260 |a Madrid  |b Hernando  |c 1897 
300 |a 348 p 
583 |a last modification  |c 20000324 00:00:00  |k Rodrigo Vera 
600 |a Lucrecio Caro, Tito,  |d ca. 98-55 a.C.  |t De la naturaleza de las cosas  |9 897014 
650 7 |a Filosofía de la naturaleza  |2 CL-VaPUC  |9 439824 
650 0 |a Poesía latina  |9 258055 
942 |c BK  |2 ddc 
945 |d 20000324 00:00:00  |a crobeson 
952 |0 0  |1 0  |4 0  |6 871_000000000000000_LUC_1897  |7 0  |8 X  |9 331638  |a BIBHIS  |b BIBHIS  |d 2019-11-20  |i 1397656  |l 1  |o 871 LUC 1897  |p 1397656  |r 2024-01-30  |s 2023-10-05  |w 2019-11-20  |y BK_X  |k HIS